Normal view
MARC view
- AYub, Muhammad
Entry Personal Name
001 - CONTROL NUMBER
- control field: 17228
003 - CONTROL NUMBER IDENTIFIER
- control field: NUST
005 - DATE AND TIME OF LATEST TRANSACTION
- control field: 20190710055424.0
008 - FIXED-LENGTH DATA ELEMENTS
- fixed length control field: 190710|| aca||aabn | a|a d
040 ## - CATALOGING SOURCE
- Original cataloging agency: NUST
- Transcribing agency: NUST
100 ## - HEADING--PERSONAL NAME
- Personal name: AYub, Muhammad
670 ## - SOURCE DATA FOUND
- Source citation: Work cat.: (NUST): AYub, Muhammad, Sindh, Punjab aur Pakistan /, 1995.
